Vocabulaire Communication FR -> EN - Statistiques

Statistiques générales
  • Ce quiz a été pris 6 fois
  • Le résultat moyen est 4 sur 40
Statistiques - réponses
Hint Réponse % Correct
Ecran Screen
50%
Excuses Apologies
25%
Corps du mail Body
25%
Naviguer / Parcourir (une page web) Browse
25%
Navigateur web Browser
25%
Date limite Deadline
25%
Supprimer / Mettre à la corbeille Delete
25%
Télécharger Download
25%
Raccrocher Hang up
25%
Laisser un message / Ecouter un message Leave / Take a message
25%
Faire défiler Scroll
25%
S'inscire / Inscription Subscribe / Subscription
25%
Corbeille Trash
25%
Au-dessus du pli Above the fold
0%
Ajourner / Reporter (un rdv) Adjourn
0%
Ordre du jour Agenda
0%
Assemblée générale AGM / Annual General Meeting
0%
Eléments pas à l'ordre du jour AOB / Any Other Business
0%
Pièce jointe Attachment
0%
Participant Attendee
0%
Bulletin de vote Ballot
0%
Copie cachée d'un mail Bcc / Blind carbon copy
0%
Rebondir Bounce
0%
Rappeler Call back
0%
Copie visible d'un mail Cc / Carbon copy
0%
Président Chairperson
0%
Taper le numéro Dial
0%
Brouillon Draft
0%
Requêtes / Demande d'information Enquiries
0%
Transférer Forward
0%
Logiciel gratuit Freeware
0%
Parvenir à joindre quelqu'un (par tel) Get through
0%
Doléance / Sujet de plainte Grievance
0%
Patienter Hold on
0%
Boîte de réception Inbox
0%
Hauts parleurs Loudspeaker
0%
Compte rendu Minutes
0%
Vote par procuration Proxy vote
0%
Demander à être transféré vers (tel) Put someone through
0%
Vote à main levée Show of hands
0%
Aucun quiz correspondant
Distribution des résultats
% des personnes avec chaque résultat
Percentile par nombre de réponses
Votre historique - résultats
Vous n’avez pas pris ce quiz